Crowds and power / (Record no. 34347)
[ view plain ]
| 000 -LEADER | |
|---|---|
| fixed length control field | 00831nam a22002771 4500 |
| 001 - CONTROL NUMBER | |
| control field | 34347 |
| 003 - CONTROL NUMBER IDENTIFIER | |
| rucl marc code | BD-RjUL |
| 005 - DATE AND TIME OF LATEST TRANSACTION | |
| control field | 20211209052138.0 |
| 008 - FIXED-LENGTH DATA ELEMENTS--GENERAL INFORMATION | |
| fixed length control field | 140515s1962 enk b 000 0 eng |
| 035 ## - SYSTEM CONTROL NUMBER | |
| System control number | (BD-RjUL)34441 |
| 040 ## - CATALOGING SOURCE | |
| Original cataloging agency | DLC |
| Transcribing agency | DLC |
| Modifying agency | BD-RjUL |
| Language of cataloging | eng |
| 041 1# - LANGUAGE CODE | |
| Language code of text/sound track or separate title | engger |
| 082 00 - DEWEY DECIMAL CLASSIFICATION NUMBER | |
| Classification number | 301.158 |
| Author mark and year | CAC 1962 |
| 100 1# - MAIN ENTRY--PERSONAL NAME | |
| Personal name | Canetti, Elias |
| Dates associated with a name | 1905-1994. |
| 9 (RLIN) | 104444 |
| 245 10 - TITLE STATEMENT | |
| Title | Crowds and power / |
| Statement of responsibility, etc. | Elias Canetti, Translated from the German by Carol Stewart. |
| 260 ## - PUBLICATION, DISTRIBUTION, ETC. (IMPRINT) | |
| Place of publication, distribution, etc. | London : |
| Name of publisher, distributor, etc. | Victor Gollancz Ltd., |
| Date of publication, distribution, etc. | 1962. |
| 300 ## - PHYSICAL DESCRIPTION | |
| Pagination | 495 p. ; |
| Size | 22 cm. |
| 504 ## - BIBLIOGRAPHY, ETC. NOTE | |
| Bibliography, etc | Includes bibliography. |
| 650 #0 - SUBJECT ADDED ENTRY--TOPICAL TERM | |
| Topical term or geographic name as entry element | Crowds. |
| 9 (RLIN) | 80999 |
| Topical term or geographic name as entry element | Collective behavior. |
| 9 (RLIN) | 101548 |
| Topical term or geographic name as entry element | Power (Social sciences) |
| 9 (RLIN) | 104445 |
| 700 1# - ADDED ENTRY--PERSONAL NAME | |
| Personal name | Stewart, Carol |
| Relator term | tr. |
| 942 ## - ADDED ENTRY ELEMENTS (KOHA) | |
| Source of classification or shelving scheme | Dewey Decimal Classification |
| Koha item type | Books |
| Lost status | Source of classification or shelving scheme | Damaged status | Not for loan | Collection code | Permanent Location | Current Location | Shelving location | Date acquired | Total Checkouts | Full call number | Date last seen | Copy number | Koha item type |
|---|---|---|---|---|---|---|---|---|---|---|---|---|---|
| Dewey Decimal Classification | Non-fiction | Central Library, University of Rajshahi | Central Library, University of Rajshahi | 15/05/2014 | 301.158 CAC 1962 | 15/05/2014 | C-2 | Books |